<?xml version="1.0" encoding="UTF-8"?>
<collection xmlns="http://www.loc.gov/MARC21/slim">
 <record>
  <leader>26371nas a22024611  4500</leader>
  <controlfield tag="001">1/50296</controlfield>
  <controlfield tag="008">020604c19959999gr mxzp           g0gre d</controlfield>
  <datafield tag="035" ind1=" " ind2=" ">
   <subfield code="l">23776</subfield>
  </datafield>
  <datafield tag="040" ind1=" " ind2=" ">
   <subfield code="a">GR-PeUP</subfield>
  </datafield>
  <datafield tag="090" ind1=" " ind2=" ">
   <subfield code="a">Αλφαβητική σειρά</subfield>
  </datafield>
  <datafield tag="245" ind1="0" ind2="0">
   <subfield code="a">Γνώμη της Ο.Κ.Ε.</subfield>
  </datafield>
  <datafield tag="260" ind1=" " ind2=" ">
   <subfield code="a">Αθήνα :</subfield>
   <subfield code="b">Ο.Κ.Ε.,</subfield>
   <subfield code="c">1995</subfield>
  </datafield>
  <datafield tag="300" ind1=" " ind2=" ">
   <subfield code="a">τ. ;</subfield>
   <subfield code="c">27 εκ.</subfield>
  </datafield>
  <datafield tag="310" ind1=" " ind2=" ">
   <subfield code="a">Μηνιαίο</subfield>
  </datafield>
  <datafield tag="362" ind1="0" ind2=" ">
   <subfield code="a">Τχ. 24 (Νοέμ. 1980) - τχ. 86 (Δεκ. 2002)</subfield>
  </datafield>
  <datafield tag="546" ind1=" " ind2=" ">
   <subfield code="a">Ελληνική</subfield>
  </datafield>
  <datafield tag="651" ind1=" " ind2="4">
   <subfield code="a">Ελλάδα</subfield>
   <subfield code="x">Κοινωνική πολιτική</subfield>
   <subfield code="v">Περιοδικά.</subfield>
  </datafield>
  <datafield tag="710" ind1="2" ind2=" ">
   <subfield code="a">Οικονομική και Κοινωνική Επιτροπή Ελλάδος.</subfield>
  </datafield>
  <datafield tag="852" ind1=" " ind2=" ">
   <subfield code="a">INST</subfield>
   <subfield code="b">UNIPILB</subfield>
   <subfield code="c">SERIALS</subfield>
   <subfield code="e">20061012</subfield>
   <subfield code="h">Αλφαβητική σειρά</subfield>
   <subfield code="p">53047</subfield>
   <subfield code="q">53047</subfield>
   <subfield code="t">NOLOAN</subfield>
   <subfield code="v">τεύχ.147:(Μήνας)Ιανουάριος;(Έτος)2006</subfield>
   <subfield code="y">23</subfield>
  </datafield>
  <datafield tag="852" ind1=" " ind2=" ">
   <subfield code="a">INST</subfield>
   <subfield code="b">UNIPILB</subfield>
   <subfield code="c">SERIALS</subfield>
   <subfield code="e">20061012</subfield>
   <subfield code="h">Αλφαβητική σειρά</subfield>
   <subfield code="p">53048</subfield>
   <subfield code="q">53048</subfield>
   <subfield code="t">NOLOAN</subfield>
   <subfield code="v">τεύχ.148:(Μήνας)Ιανουάριος;(Έτος)2006</subfield>
   <subfield code="y">23</subfield>
  </datafield>
  <datafield tag="852" ind1=" " ind2=" ">
   <subfield code="a">INST</subfield>
   <subfield code="b">UNIPILB</subfield>
   <subfield code="c">SERIALS</subfield>
   <subfield code="e">20061012</subfield>
   <subfield code="h">Αλφαβητική σειρά</subfield>
   <subfield code="p">53049</subfield>
   <subfield code="q">53049</subfield>
   <subfield code="t">NOLOAN</subfield>
   <subfield code="v">τεύχ.149:(Μήνας)Ιανουάριος;(Έτος)2006</subfield>
   <subfield code="y">23</subfield>
  </datafield>
  <datafield tag="852" ind1=" " ind2=" ">
   <subfield code="a">INST</subfield>
   <subfield code="b">UNIPILB</subfield>
   <subfield code="c">SERIALS</subfield>
   <subfield code="e">20061012</subfield>
   <subfield code="h">Αλφαβητική σειρά</subfield>
   <subfield code="p">53050</subfield>
   <subfield code="q">53050</subfield>
   <subfield code="t">NOLOAN</subfield>
   <subfield code="v">τεύχ.151:(Μήνας)Μάρτιος;(Έτος)2006</subfield>
   <subfield code="y">23</subfield>
  </datafield>
  <datafield tag="852" ind1=" " ind2=" ">
   <subfield code="a">INST</subfield>
   <subfield code="b">UNIPILB</subfield>
   <subfield code="c">SERIALS</subfield>
   <subfield code="e">20061012</subfield>
   <subfield code="h">Αλφαβητική σειρά</subfield>
   <subfield code="p">53051</subfield>
   <subfield code="q">53051</subfield>
   <subfield code="t">NOLOAN</subfield>
   <subfield code="v">τεύχ.152:(Μήνας)Απρίλιος;(Έτος)2006</subfield>
   <subfield code="y">23</subfield>
  </datafield>
  <datafield tag="852" ind1=" " ind2=" ">
   <subfield code="a">INST</subfield>
   <subfield code="b">UNIPILB</subfield>
   <subfield code="c">SERIALS</subfield>
   <subfield code="e">20061012</subfield>
   <subfield code="h">Αλφαβητική σειρά</subfield>
   <subfield code="p">53052</subfield>
   <subfield code="q">53052</subfield>
   <subfield code="t">NOLOAN</subfield>
   <subfield code="v">τεύχ.153:(Μήνας)Απρίλιος;(Έτος)2006</subfield>
   <subfield code="y">23</subfield>
  </datafield>
  <datafield tag="852" ind1=" " ind2=" ">
   <subfield code="a">INST</subfield>
   <subfield code="b">UNIPILB</subfield>
   <subfield code="c">SERIALS</subfield>
   <subfield code="e">20061012</subfield>
   <subfield code="h">Αλφαβητική σειρά</subfield>
   <subfield code="p">53053</subfield>
   <subfield code="q">53053</subfield>
   <subfield code="t">NOLOAN</subfield>
   <subfield code="v">τεύχ.154:(Μήνας)Ιούνιος;(Έτος)2006</subfield>
   <subfield code="y">23</subfield>
  </datafield>
  <datafield tag="852" ind1=" " ind2=" ">
   <subfield code="a">INST</subfield>
   <subfield code="b">UNIPILB</subfield>
   <subfield code="c">SERIALS</subfield>
   <subfield code="e">20061012</subfield>
   <subfield code="h">Αλφαβητική σειρά</subfield>
   <subfield code="p">53054</subfield>
   <subfield code="q">53054</subfield>
   <subfield code="t">NOLOAN</subfield>
   <subfield code="v">τεύχ.155:(Μήνας)Ιούνιος;(Έτος)2006</subfield>
   <subfield code="y">23</subfield>
  </datafield>
  <datafield tag="852" ind1=" " ind2=" ">
   <subfield code="a">INST</subfield>
   <subfield code="b">UNIPILB</subfield>
   <subfield code="c">SERIALS</subfield>
   <subfield code="e">20061012</subfield>
   <subfield code="h">Αλφαβητική σειρά</subfield>
   <subfield code="p">53055</subfield>
   <subfield code="q">53055</subfield>
   <subfield code="t">NOLOAN</subfield>
   <subfield code="v">τεύχ.156:(Μήνας)Ιούνιος;(Έτος)2006</subfield>
   <subfield code="y">23</subfield>
  </datafield>
  <datafield tag="852" ind1=" " ind2=" ">
   <subfield code="a">INST</subfield>
   <subfield code="b">UNIPILB</subfield>
   <subfield code="c">SERIALS</subfield>
   <subfield code="e">20061127</subfield>
   <subfield code="h">Αλφαβητική σειρά</subfield>
   <subfield code="p">53766</subfield>
   <subfield code="q">53766</subfield>
   <subfield code="t">NOLOAN</subfield>
   <subfield code="v">τεύχ.157:(Μήνας)Ιούλιος;(Έτος)2006</subfield>
   <subfield code="y">23</subfield>
  </datafield>
  <datafield tag="852" ind1=" " ind2=" ">
   <subfield code="a">INST</subfield>
   <subfield code="b">UNIPILB</subfield>
   <subfield code="c">SERIALS</subfield>
   <subfield code="e">20061128</subfield>
   <subfield code="h">Αλφαβητική σειρά</subfield>
   <subfield code="p">53794</subfield>
   <subfield code="q">53794</subfield>
   <subfield code="t">NOLOAN</subfield>
   <subfield code="v">τεύχ.158:(Μήνας)Αύγουστος;(Έτος)2006</subfield>
   <subfield code="y">23</subfield>
  </datafield>
  <datafield tag="852" ind1=" " ind2=" ">
   <subfield code="a">INST</subfield>
   <subfield code="b">UNIPILB</subfield>
   <subfield code="c">SERIALS</subfield>
   <subfield code="e">20070412</subfield>
   <subfield code="h">Αλφαβητική σειρά</subfield>
   <subfield code="p">55205</subfield>
   <subfield code="q">55205</subfield>
   <subfield code="t">NOLOAN</subfield>
   <subfield code="v">τεύχ.159:(Μήνας)Σεπτέμβριος;(Έτος)2006</subfield>
   <subfield code="y">23</subfield>
  </datafield>
  <datafield tag="852" ind1=" " ind2=" ">
   <subfield code="a">INST</subfield>
   <subfield code="b">UNIPILB</subfield>
   <subfield code="c">SERIALS</subfield>
   <subfield code="e">20070412</subfield>
   <subfield code="h">Αλφαβητική σειρά</subfield>
   <subfield code="p">55206</subfield>
   <subfield code="q">55206</subfield>
   <subfield code="t">NOLOAN</subfield>
   <subfield code="v">τεύχ.160:(Μήνας)Οκτώβριος;(Έτος)2006</subfield>
   <subfield code="y">23</subfield>
  </datafield>
  <datafield tag="852" ind1=" " ind2=" ">
   <subfield code="a">INST</subfield>
   <subfield code="b">UNIPILB</subfield>
   <subfield code="c">SERIALS</subfield>
   <subfield code="e">20070606</subfield>
   <subfield code="h">Αλφαβητική σειρά</subfield>
   <subfield code="p">55887</subfield>
   <subfield code="q">55887</subfield>
   <subfield code="t">NOLOAN</subfield>
   <subfield code="v">τεύχ.165:(Μήνας)Ιανουάριος;(Έτος)2007</subfield>
   <subfield code="y">23</subfield>
  </datafield>
  <datafield tag="852" ind1=" " ind2=" ">
   <subfield code="a">INST</subfield>
   <subfield code="b">UNIPILB</subfield>
   <subfield code="c">SERIALS</subfield>
   <subfield code="e">20070606</subfield>
   <subfield code="h">Αλφαβητική σειρά</subfield>
   <subfield code="p">55888</subfield>
   <subfield code="q">55888</subfield>
   <subfield code="t">NOLOAN</subfield>
   <subfield code="v">τεύχ.168:(Μήνας)Φεβρουάριος;(Έτος)2007</subfield>
   <subfield code="y">23</subfield>
  </datafield>
  <datafield tag="852" ind1=" " ind2=" ">
   <subfield code="a">INST</subfield>
   <subfield code="b">UNIPILB</subfield>
   <subfield code="c">SERIALS</subfield>
   <subfield code="e">20070606</subfield>
   <subfield code="h">Αλφαβητική σειρά</subfield>
   <subfield code="p">55889</subfield>
   <subfield code="q">55889</subfield>
   <subfield code="t">NOLOAN</subfield>
   <subfield code="v">τεύχ.167:(Μήνας)Φεβρουάριος;(Έτος)2007</subfield>
   <subfield code="y">23</subfield>
  </datafield>
  <datafield tag="852" ind1=" " ind2=" ">
   <subfield code="a">INST</subfield>
   <subfield code="b">UNIPILB</subfield>
   <subfield code="c">SERIALS</subfield>
   <subfield code="e">20070620</subfield>
   <subfield code="h">Αλφαβητική σειρά</subfield>
   <subfield code="p">56012</subfield>
   <subfield code="q">56012</subfield>
   <subfield code="t">NOLOAN</subfield>
   <subfield code="v">τεύχ.161:(Μήνας)Οκτώβριος;(Έτος)2006</subfield>
   <subfield code="y">23</subfield>
  </datafield>
  <datafield tag="852" ind1=" " ind2=" ">
   <subfield code="a">INST</subfield>
   <subfield code="b">UNIPILB</subfield>
   <subfield code="c">SERIALS</subfield>
   <subfield code="e">20070716</subfield>
   <subfield code="h">Αλφαβητική σειρά</subfield>
   <subfield code="p">56317</subfield>
   <subfield code="q">56317</subfield>
   <subfield code="t">NOLOAN</subfield>
   <subfield code="v">τεύχ.163:(Μήνας)Νοέμβριος;(Έτος)2006</subfield>
   <subfield code="y">23</subfield>
  </datafield>
  <datafield tag="852" ind1=" " ind2=" ">
   <subfield code="a">INST</subfield>
   <subfield code="b">UNIPILB</subfield>
   <subfield code="c">SERIALS</subfield>
   <subfield code="e">20070718</subfield>
   <subfield code="h">Αλφαβητική σειρά</subfield>
   <subfield code="p">56335</subfield>
   <subfield code="q">56335</subfield>
   <subfield code="t">NOLOAN</subfield>
   <subfield code="v">τεύχ.169:(Μήνας)Φεβρουάριος;(Έτος)2007</subfield>
   <subfield code="y">23</subfield>
  </datafield>
  <datafield tag="852" ind1=" " ind2=" ">
   <subfield code="a">INST</subfield>
   <subfield code="b">UNIPILB</subfield>
   <subfield code="c">SERIALS</subfield>
   <subfield code="e">20070718</subfield>
   <subfield code="h">Αλφαβητική σειρά</subfield>
   <subfield code="p">56336</subfield>
   <subfield code="q">56336</subfield>
   <subfield code="t">NOLOAN</subfield>
   <subfield code="v">τεύχ.170:(Μήνας)Μάρτιος;(Έτος)2007</subfield>
   <subfield code="y">23</subfield>
  </datafield>
  <datafield tag="852" ind1=" " ind2=" ">
   <subfield code="a">INST</subfield>
   <subfield code="b">UNIPILB</subfield>
   <subfield code="c">SERIALS</subfield>
   <subfield code="e">20071019</subfield>
   <subfield code="h">Αλφαβητική σειρά</subfield>
   <subfield code="p">57646</subfield>
   <subfield code="q">57646</subfield>
   <subfield code="t">NOLOAN</subfield>
   <subfield code="v">τεύχ.172:(Μήνας)Μάρτιος;(Έτος)2007</subfield>
   <subfield code="y">23</subfield>
  </datafield>
  <datafield tag="852" ind1=" " ind2=" ">
   <subfield code="a">INST</subfield>
   <subfield code="b">UNIPILB</subfield>
   <subfield code="c">SERIALS</subfield>
   <subfield code="e">20071019</subfield>
   <subfield code="h">Αλφαβητική σειρά</subfield>
   <subfield code="p">57647</subfield>
   <subfield code="q">57647</subfield>
   <subfield code="t">NOLOAN</subfield>
   <subfield code="v">τεύχ.173:(Μήνας)Μάρτιος;(Έτος)2007</subfield>
   <subfield code="y">23</subfield>
  </datafield>
  <datafield tag="852" ind1=" " ind2=" ">
   <subfield code="a">INST</subfield>
   <subfield code="b">UNIPILB</subfield>
   <subfield code="c">SERIALS</subfield>
   <subfield code="e">20071019</subfield>
   <subfield code="h">Αλφαβητική σειρά</subfield>
   <subfield code="p">57648</subfield>
   <subfield code="q">57648</subfield>
   <subfield code="t">NOLOAN</subfield>
   <subfield code="v">τεύχ.174:(Μήνας)Μάρτιος;(Έτος)2007</subfield>
   <subfield code="y">23</subfield>
  </datafield>
  <datafield tag="852" ind1=" " ind2=" ">
   <subfield code="a">INST</subfield>
   <subfield code="b">UNIPILB</subfield>
   <subfield code="c">SERIALS</subfield>
   <subfield code="e">20071213</subfield>
   <subfield code="h">Αλφαβητική σειρά</subfield>
   <subfield code="p">58884</subfield>
   <subfield code="q">58884</subfield>
   <subfield code="t">NOLOAN</subfield>
   <subfield code="v">τεύχ.175:(Μήνας)Μάιος;(Έτος)2007</subfield>
   <subfield code="y">23</subfield>
  </datafield>
  <datafield tag="852" ind1=" " ind2=" ">
   <subfield code="a">INST</subfield>
   <subfield code="b">UNIPILB</subfield>
   <subfield code="c">SERIALS</subfield>
   <subfield code="e">20071213</subfield>
   <subfield code="h">Αλφαβητική σειρά</subfield>
   <subfield code="p">58885</subfield>
   <subfield code="q">58885</subfield>
   <subfield code="t">NOLOAN</subfield>
   <subfield code="v">τεύχ.176:(Μήνας)Μάιος;(Έτος)2007</subfield>
   <subfield code="y">23</subfield>
  </datafield>
  <datafield tag="852" ind1=" " ind2=" ">
   <subfield code="a">INST</subfield>
   <subfield code="b">UNIPILB</subfield>
   <subfield code="c">SERIALS</subfield>
   <subfield code="e">20071213</subfield>
   <subfield code="h">Αλφαβητική σειρά</subfield>
   <subfield code="p">58886</subfield>
   <subfield code="q">58886</subfield>
   <subfield code="t">NOLOAN</subfield>
   <subfield code="v">τεύχ.177:(Μήνας)Μάιος;(Έτος)2007</subfield>
   <subfield code="y">23</subfield>
  </datafield>
  <datafield tag="852" ind1=" " ind2=" ">
   <subfield code="a">INST</subfield>
   <subfield code="b">UNIPILB</subfield>
   <subfield code="c">SERIALS</subfield>
   <subfield code="e">20071213</subfield>
   <subfield code="h">Αλφαβητική σειρά</subfield>
   <subfield code="p">58887</subfield>
   <subfield code="q">58887</subfield>
   <subfield code="t">NOLOAN</subfield>
   <subfield code="v">τεύχ.178:(Μήνας)Ιούνιος;(Έτος)2007</subfield>
   <subfield code="y">23</subfield>
  </datafield>
  <datafield tag="852" ind1=" " ind2=" ">
   <subfield code="a">INST</subfield>
   <subfield code="b">UNIPILB</subfield>
   <subfield code="c">SERIALS</subfield>
   <subfield code="e">20071213</subfield>
   <subfield code="h">Αλφαβητική σειρά</subfield>
   <subfield code="p">58888</subfield>
   <subfield code="q">58888</subfield>
   <subfield code="t">NOLOAN</subfield>
   <subfield code="v">τεύχ.179:(Μήνας)Ιούνιος;(Έτος)2007</subfield>
   <subfield code="y">23</subfield>
  </datafield>
  <datafield tag="852" ind1=" " ind2=" ">
   <subfield code="a">INST</subfield>
   <subfield code="b">UNIPILB</subfield>
   <subfield code="c">SERIALS</subfield>
   <subfield code="e">20080205</subfield>
   <subfield code="h">Αλφαβητική σειρά</subfield>
   <subfield code="p">59571</subfield>
   <subfield code="q">59571</subfield>
   <subfield code="t">NOLOAN</subfield>
   <subfield code="v">τεύχ.181:(Μήνας)Ιούλιος;(Έτος)2007</subfield>
   <subfield code="y">23</subfield>
  </datafield>
  <datafield tag="852" ind1=" " ind2=" ">
   <subfield code="a">INST</subfield>
   <subfield code="b">UNIPILB</subfield>
   <subfield code="c">SERIALS</subfield>
   <subfield code="e">20080702</subfield>
   <subfield code="h">Αλφαβητική σειρά</subfield>
   <subfield code="p">60914</subfield>
   <subfield code="q">60914</subfield>
   <subfield code="t">NOLOAN</subfield>
   <subfield code="v">τεύχ.184:(Μήνας)Ιούλιος;(Έτος)2008</subfield>
   <subfield code="y">23</subfield>
  </datafield>
  <datafield tag="852" ind1=" " ind2=" ">
   <subfield code="a">INST</subfield>
   <subfield code="b">UNIPILB</subfield>
   <subfield code="c">SERIALS</subfield>
   <subfield code="e">20080702</subfield>
   <subfield code="h">Αλφαβητική σειρά</subfield>
   <subfield code="p">60915</subfield>
   <subfield code="q">60915</subfield>
   <subfield code="t">NOLOAN</subfield>
   <subfield code="v">τεύχ.185:(Μήνας)Ιούλιος;(Έτος)2008</subfield>
   <subfield code="y">23</subfield>
  </datafield>
  <datafield tag="852" ind1=" " ind2=" ">
   <subfield code="a">INST</subfield>
   <subfield code="b">UNIPILB</subfield>
   <subfield code="c">SERIALS</subfield>
   <subfield code="e">20080702</subfield>
   <subfield code="h">Αλφαβητική σειρά</subfield>
   <subfield code="p">60916</subfield>
   <subfield code="q">60916</subfield>
   <subfield code="t">NOLOAN</subfield>
   <subfield code="v">τεύχ.186:(Μήνας)Ιούλιος;(Έτος)2008</subfield>
   <subfield code="y">23</subfield>
  </datafield>
  <datafield tag="852" ind1=" " ind2=" ">
   <subfield code="a">INST</subfield>
   <subfield code="b">UNIPILB</subfield>
   <subfield code="c">SERIALS</subfield>
   <subfield code="e">20100217</subfield>
   <subfield code="h">Αλφαβητική σειρά</subfield>
   <subfield code="p">66904</subfield>
   <subfield code="q">66904</subfield>
   <subfield code="t">NOLOAN</subfield>
   <subfield code="v">τεύχ.193:(Μήνας)Ιανουάριος;(Έτος)2008</subfield>
   <subfield code="y">23</subfield>
  </datafield>
  <datafield tag="852" ind1=" " ind2=" ">
   <subfield code="a">INST</subfield>
   <subfield code="b">UNIPILB</subfield>
   <subfield code="c">SERIALS</subfield>
   <subfield code="e">20100217</subfield>
   <subfield code="h">Αλφαβητική σειρά</subfield>
   <subfield code="p">66905</subfield>
   <subfield code="q">66905</subfield>
   <subfield code="t">NOLOAN</subfield>
   <subfield code="v">τεύχ.194:(Μήνας)Μάρτιος;(Έτος)2008</subfield>
   <subfield code="y">23</subfield>
  </datafield>
  <datafield tag="852" ind1=" " ind2=" ">
   <subfield code="a">INST</subfield>
   <subfield code="b">UNIPILB</subfield>
   <subfield code="c">SERIALS</subfield>
   <subfield code="e">20100217</subfield>
   <subfield code="h">Αλφαβητική σειρά</subfield>
   <subfield code="p">66906</subfield>
   <subfield code="q">66906</subfield>
   <subfield code="t">NOLOAN</subfield>
   <subfield code="v">τεύχ.195:(Μήνας)Μάιος;(Έτος)2008</subfield>
   <subfield code="y">23</subfield>
  </datafield>
  <datafield tag="852" ind1=" " ind2=" ">
   <subfield code="a">INST</subfield>
   <subfield code="b">UNIPILB</subfield>
   <subfield code="c">SERIALS</subfield>
   <subfield code="e">20120110</subfield>
   <subfield code="h">Αλφαβητική σειρά</subfield>
   <subfield code="p">73904</subfield>
   <subfield code="q">73904</subfield>
   <subfield code="t">NOLOAN</subfield>
   <subfield code="v">τεύχ.187:(Μήνας)Ιούλιος;(Έτος)2007</subfield>
   <subfield code="y">23</subfield>
  </datafield>
  <datafield tag="852" ind1=" " ind2=" ">
   <subfield code="a">INST</subfield>
   <subfield code="b">UNIPILB</subfield>
   <subfield code="c">SERIALS</subfield>
   <subfield code="e">20120117</subfield>
   <subfield code="h">Αλφαβητική σειρά</subfield>
   <subfield code="p">74023</subfield>
   <subfield code="q">74023</subfield>
   <subfield code="t">NOLOAN</subfield>
   <subfield code="v">τεύχ.196:(Μήνας)Ιούνιος;(Έτος)2008</subfield>
   <subfield code="y">23</subfield>
  </datafield>
  <datafield tag="852" ind1=" " ind2=" ">
   <subfield code="a">INST</subfield>
   <subfield code="b">UNIPILB</subfield>
   <subfield code="c">SERIALS</subfield>
   <subfield code="e">20120117</subfield>
   <subfield code="h">Αλφαβητική σειρά</subfield>
   <subfield code="p">74024</subfield>
   <subfield code="q">74024</subfield>
   <subfield code="t">NOLOAN</subfield>
   <subfield code="v">τεύχ.197:(Μήνας)Ιούνιος;(Έτος)2008</subfield>
   <subfield code="y">23</subfield>
  </datafield>
  <datafield tag="852" ind1=" " ind2=" ">
   <subfield code="a">INST</subfield>
   <subfield code="b">UNIPILB</subfield>
   <subfield code="c">SERIALS</subfield>
   <subfield code="e">20120117</subfield>
   <subfield code="h">Αλφαβητική σειρά</subfield>
   <subfield code="p">74025</subfield>
   <subfield code="q">74025</subfield>
   <subfield code="t">NOLOAN</subfield>
   <subfield code="v">τεύχ.198:(Μήνας)Ιούλιος;(Έτος)2008</subfield>
   <subfield code="y">23</subfield>
  </datafield>
  <datafield tag="852" ind1=" " ind2=" ">
   <subfield code="a">INST</subfield>
   <subfield code="b">UNIPILB</subfield>
   <subfield code="c">SERIALS</subfield>
   <subfield code="e">20120117</subfield>
   <subfield code="h">Αλφαβητική σειρά</subfield>
   <subfield code="p">74026</subfield>
   <subfield code="q">74026</subfield>
   <subfield code="t">NOLOAN</subfield>
   <subfield code="v">τεύχ.199:(Μήνας)Ιούλιος;(Έτος)2008</subfield>
   <subfield code="y">23</subfield>
  </datafield>
  <datafield tag="852" ind1=" " ind2=" ">
   <subfield code="a">INST</subfield>
   <subfield code="b">UNIPILB</subfield>
   <subfield code="c">SERIALS</subfield>
   <subfield code="e">20120117</subfield>
   <subfield code="h">Αλφαβητική σειρά</subfield>
   <subfield code="p">74027</subfield>
   <subfield code="q">74027</subfield>
   <subfield code="t">NOLOAN</subfield>
   <subfield code="v">τεύχ.200:(Μήνας)Ιούλιος;(Έτος)2008</subfield>
   <subfield code="y">23</subfield>
  </datafield>
  <datafield tag="852" ind1=" " ind2=" ">
   <subfield code="a">INST</subfield>
   <subfield code="b">UNIPILB</subfield>
   <subfield code="c">SERIALS</subfield>
   <subfield code="e">20120117</subfield>
   <subfield code="h">Αλφαβητική σειρά</subfield>
   <subfield code="p">74028</subfield>
   <subfield code="q">74028</subfield>
   <subfield code="t">NOLOAN</subfield>
   <subfield code="v">τεύχ.201:(Μήνας)Αύγουστος;(Έτος)2008</subfield>
   <subfield code="y">23</subfield>
  </datafield>
  <datafield tag="852" ind1=" " ind2=" ">
   <subfield code="a">INST</subfield>
   <subfield code="b">UNIPILB</subfield>
   <subfield code="c">SERIALS</subfield>
   <subfield code="e">20120117</subfield>
   <subfield code="h">Αλφαβητική σειρά</subfield>
   <subfield code="p">74029</subfield>
   <subfield code="q">74029</subfield>
   <subfield code="t">NOLOAN</subfield>
   <subfield code="v">τεύχ.202:(Μήνας)Σεπτέμβριος;(Έτος)2008</subfield>
   <subfield code="y">23</subfield>
  </datafield>
  <datafield tag="852" ind1=" " ind2=" ">
   <subfield code="a">INST</subfield>
   <subfield code="b">UNIPILB</subfield>
   <subfield code="c">SERIALS</subfield>
   <subfield code="e">20120117</subfield>
   <subfield code="h">Αλφαβητική σειρά</subfield>
   <subfield code="p">74030</subfield>
   <subfield code="q">74030</subfield>
   <subfield code="t">NOLOAN</subfield>
   <subfield code="v">τεύχ.203:(Μήνας)Σεπτέμβριος;(Έτος)2008</subfield>
   <subfield code="y">23</subfield>
  </datafield>
  <datafield tag="852" ind1=" " ind2=" ">
   <subfield code="a">INST</subfield>
   <subfield code="b">UNIPILB</subfield>
   <subfield code="c">SERIALS</subfield>
   <subfield code="e">20120117</subfield>
   <subfield code="h">Αλφαβητική σειρά</subfield>
   <subfield code="p">74031</subfield>
   <subfield code="q">74031</subfield>
   <subfield code="t">NOLOAN</subfield>
   <subfield code="v">τεύχ.204:(Μήνας)Σεπτέμβριος;(Έτος)2008</subfield>
   <subfield code="y">23</subfield>
  </datafield>
  <datafield tag="852" ind1=" " ind2=" ">
   <subfield code="a">INST</subfield>
   <subfield code="b">UNIPILB</subfield>
   <subfield code="c">SERIALS</subfield>
   <subfield code="e">20120117</subfield>
   <subfield code="h">Αλφαβητική σειρά</subfield>
   <subfield code="p">74032</subfield>
   <subfield code="q">74032</subfield>
   <subfield code="t">NOLOAN</subfield>
   <subfield code="v">τεύχ.205:(Μήνας)Νοέμβριος;(Έτος)2008</subfield>
   <subfield code="y">23</subfield>
  </datafield>
  <datafield tag="852" ind1=" " ind2=" ">
   <subfield code="a">INST</subfield>
   <subfield code="b">UNIPILB</subfield>
   <subfield code="c">SERIALS</subfield>
   <subfield code="e">20120117</subfield>
   <subfield code="h">Αλφαβητική σειρά</subfield>
   <subfield code="p">74033</subfield>
   <subfield code="q">74033</subfield>
   <subfield code="t">NOLOAN</subfield>
   <subfield code="v">τεύχ.206:(Μήνας)Νοέμβριος;(Έτος)2008</subfield>
   <subfield code="y">23</subfield>
  </datafield>
  <datafield tag="852" ind1=" " ind2=" ">
   <subfield code="a">INST</subfield>
   <subfield code="b">UNIPILB</subfield>
   <subfield code="c">SERIALS</subfield>
   <subfield code="e">20120117</subfield>
   <subfield code="h">Αλφαβητική σειρά</subfield>
   <subfield code="p">74034</subfield>
   <subfield code="q">74034</subfield>
   <subfield code="t">NOLOAN</subfield>
   <subfield code="v">τεύχ.207:(Μήνας)Νοέμβριος;(Έτος)2008</subfield>
   <subfield code="y">23</subfield>
  </datafield>
  <datafield tag="852" ind1=" " ind2=" ">
   <subfield code="a">INST</subfield>
   <subfield code="b">UNIPILB</subfield>
   <subfield code="c">SERIALS</subfield>
   <subfield code="e">20120117</subfield>
   <subfield code="h">Αλφαβητική σειρά</subfield>
   <subfield code="p">74035</subfield>
   <subfield code="q">74035</subfield>
   <subfield code="t">NOLOAN</subfield>
   <subfield code="v">τεύχ.208:(Μήνας)Δεκέμβριος;(Έτος)2008</subfield>
   <subfield code="y">23</subfield>
  </datafield>
  <datafield tag="852" ind1=" " ind2=" ">
   <subfield code="a">INST</subfield>
   <subfield code="b">UNIPILB</subfield>
   <subfield code="c">SERIALS</subfield>
   <subfield code="e">20120117</subfield>
   <subfield code="h">Αλφαβητική σειρά</subfield>
   <subfield code="p">74036</subfield>
   <subfield code="q">74036</subfield>
   <subfield code="t">NOLOAN</subfield>
   <subfield code="v">τεύχ.209:(Μήνας)Δεκέμβριος;(Έτος)2008</subfield>
   <subfield code="y">23</subfield>
  </datafield>
  <datafield tag="852" ind1=" " ind2=" ">
   <subfield code="a">INST</subfield>
   <subfield code="b">UNIPILB</subfield>
   <subfield code="c">SERIALS</subfield>
   <subfield code="e">20120117</subfield>
   <subfield code="h">Αλφαβητική σειρά</subfield>
   <subfield code="p">74037</subfield>
   <subfield code="q">74037</subfield>
   <subfield code="t">NOLOAN</subfield>
   <subfield code="v">τεύχ.210:(Μήνας)Ιανουάριος;(Έτος)2009</subfield>
   <subfield code="y">23</subfield>
  </datafield>
  <datafield tag="852" ind1=" " ind2=" ">
   <subfield code="a">INST</subfield>
   <subfield code="b">UNIPILB</subfield>
   <subfield code="c">SERIALS</subfield>
   <subfield code="e">20120117</subfield>
   <subfield code="h">Αλφαβητική σειρά</subfield>
   <subfield code="p">74038</subfield>
   <subfield code="q">74038</subfield>
   <subfield code="t">NOLOAN</subfield>
   <subfield code="v">τεύχ.211:(Μήνας)Ιανουάριος;(Έτος)2009</subfield>
   <subfield code="y">23</subfield>
  </datafield>
  <datafield tag="852" ind1=" " ind2=" ">
   <subfield code="a">INST</subfield>
   <subfield code="b">UNIPILB</subfield>
   <subfield code="c">SERIALS</subfield>
   <subfield code="e">20120117</subfield>
   <subfield code="h">Αλφαβητική σειρά</subfield>
   <subfield code="p">74039</subfield>
   <subfield code="q">74039</subfield>
   <subfield code="t">NOLOAN</subfield>
   <subfield code="v">τεύχ.212:(Μήνας)Ιανουάριος;(Έτος)2009</subfield>
   <subfield code="y">23</subfield>
  </datafield>
  <datafield tag="852" ind1=" " ind2=" ">
   <subfield code="a">INST</subfield>
   <subfield code="b">UNIPILB</subfield>
   <subfield code="c">SERIALS</subfield>
   <subfield code="e">20120117</subfield>
   <subfield code="h">Αλφαβητική σειρά</subfield>
   <subfield code="p">74040</subfield>
   <subfield code="q">74040</subfield>
   <subfield code="t">NOLOAN</subfield>
   <subfield code="v">τεύχ.213:(Μήνας)Ιανουάριος;(Έτος)2009</subfield>
   <subfield code="y">23</subfield>
  </datafield>
  <datafield tag="852" ind1=" " ind2=" ">
   <subfield code="a">INST</subfield>
   <subfield code="b">UNIPILB</subfield>
   <subfield code="c">SERIALS</subfield>
   <subfield code="e">20120117</subfield>
   <subfield code="h">Αλφαβητική σειρά</subfield>
   <subfield code="p">74041</subfield>
   <subfield code="q">74041</subfield>
   <subfield code="t">NOLOAN</subfield>
   <subfield code="v">τεύχ.214:(Μήνας)Ιανουάριος;(Έτος)2009</subfield>
   <subfield code="y">23</subfield>
  </datafield>
  <datafield tag="852" ind1=" " ind2=" ">
   <subfield code="a">INST</subfield>
   <subfield code="b">UNIPILB</subfield>
   <subfield code="c">SERIALS</subfield>
   <subfield code="e">20120124</subfield>
   <subfield code="h">Αλφαβητική σειρά</subfield>
   <subfield code="p">74204</subfield>
   <subfield code="q">74204</subfield>
   <subfield code="t">NOLOAN</subfield>
   <subfield code="v">τεύχ.180:(Μήνας)Ιούνιος;(Έτος)2007</subfield>
   <subfield code="y">23</subfield>
  </datafield>
  <datafield tag="852" ind1=" " ind2=" ">
   <subfield code="a">INST</subfield>
   <subfield code="b">UNIPILB</subfield>
   <subfield code="c">SERIALS</subfield>
   <subfield code="e">20120411</subfield>
   <subfield code="h">Αλφαβητική σειρά</subfield>
   <subfield code="p">75221</subfield>
   <subfield code="q">75221</subfield>
   <subfield code="t">NOLOAN</subfield>
   <subfield code="v">τεύχ.183:(Μήνας)Ιούλιος;(Έτος)2007</subfield>
   <subfield code="y">23</subfield>
  </datafield>
  <datafield tag="852" ind1=" " ind2=" ">
   <subfield code="a">INST</subfield>
   <subfield code="b">UNIPILB</subfield>
   <subfield code="c">SERIALS</subfield>
   <subfield code="e">20120411</subfield>
   <subfield code="h">Αλφαβητική σειρά</subfield>
   <subfield code="p">75222</subfield>
   <subfield code="q">75222</subfield>
   <subfield code="t">NOLOAN</subfield>
   <subfield code="v">τεύχ.192:(Μήνας)Ιανουάριος;(Έτος)2008</subfield>
   <subfield code="y">23</subfield>
  </datafield>
  <datafield tag="852" ind1=" " ind2=" ">
   <subfield code="a">INST</subfield>
   <subfield code="b">UNIPILB</subfield>
   <subfield code="c">SERIALS</subfield>
   <subfield code="e">20050908</subfield>
   <subfield code="h">Αλφαβητική σειρά</subfield>
   <subfield code="p">NB000056</subfield>
   <subfield code="q">NB000056</subfield>
   <subfield code="t">NOLOAN</subfield>
   <subfield code="v">τεύχ.6:(Μήνας)Δεκέμβριος;(Έτος)1996</subfield>
   <subfield code="y">23</subfield>
  </datafield>
  <datafield tag="852" ind1=" " ind2=" ">
   <subfield code="a">INST</subfield>
   <subfield code="b">UNIPILB</subfield>
   <subfield code="c">SERIALS</subfield>
   <subfield code="e">20050908</subfield>
   <subfield code="h">Αλφαβητική σειρά</subfield>
   <subfield code="p">NB000057</subfield>
   <subfield code="q">NB000057</subfield>
   <subfield code="t">NOLOAN</subfield>
   <subfield code="v">τεύχ.7:(Μήνας)Ιανουάριος;(Έτος)1997</subfield>
   <subfield code="y">23</subfield>
  </datafield>
  <datafield tag="852" ind1=" " ind2=" ">
   <subfield code="a">INST</subfield>
   <subfield code="b">UNIPILB</subfield>
   <subfield code="c">SERIALS</subfield>
   <subfield code="e">20050907</subfield>
   <subfield code="h">Αλφαβητική σειρά</subfield>
   <subfield code="p">NB000058</subfield>
   <subfield code="q">NB000058</subfield>
   <subfield code="t">NOLOAN</subfield>
   <subfield code="v">τεύχ.87:(Μήνας)Φεβρουάριος;(Έτος)2003</subfield>
   <subfield code="y">23</subfield>
  </datafield>
  <datafield tag="852" ind1=" " ind2=" ">
   <subfield code="a">INST</subfield>
   <subfield code="b">UNIPILB</subfield>
   <subfield code="c">SERIALS</subfield>
   <subfield code="e">20050908</subfield>
   <subfield code="h">Αλφαβητική σειρά</subfield>
   <subfield code="p">NB000059</subfield>
   <subfield code="q">NB000059</subfield>
   <subfield code="t">NOLOAN</subfield>
   <subfield code="v">τεύχ.87:(Μήνας)Φεβρουάριος;(Έτος)2003</subfield>
   <subfield code="y">23</subfield>
  </datafield>
  <datafield tag="852" ind1=" " ind2=" ">
   <subfield code="a">INST</subfield>
   <subfield code="b">UNIPILB</subfield>
   <subfield code="c">SERIALS</subfield>
   <subfield code="e">20050908</subfield>
   <subfield code="h">Αλφαβητική σειρά</subfield>
   <subfield code="p">NB000060</subfield>
   <subfield code="q">NB000060</subfield>
   <subfield code="t">NOLOAN</subfield>
   <subfield code="v">τεύχ.88:(Μήνας)Φεβρουάριος;(Έτος)2003</subfield>
   <subfield code="y">23</subfield>
  </datafield>
  <datafield tag="852" ind1=" " ind2=" ">
   <subfield code="a">INST</subfield>
   <subfield code="b">UNIPILB</subfield>
   <subfield code="c">SERIALS</subfield>
   <subfield code="e">20050908</subfield>
   <subfield code="h">Αλφαβητική σειρά</subfield>
   <subfield code="p">NB000061</subfield>
   <subfield code="q">NB000061</subfield>
   <subfield code="t">NOLOAN</subfield>
   <subfield code="v">τεύχ.89:(Μήνας)Απρίλιος;(Έτος)2003</subfield>
   <subfield code="y">23</subfield>
  </datafield>
  <datafield tag="852" ind1=" " ind2=" ">
   <subfield code="a">INST</subfield>
   <subfield code="b">UNIPILB</subfield>
   <subfield code="c">SERIALS</subfield>
   <subfield code="e">20050908</subfield>
   <subfield code="h">Αλφαβητική σειρά</subfield>
   <subfield code="p">NB000062</subfield>
   <subfield code="q">NB000062</subfield>
   <subfield code="t">NOLOAN</subfield>
   <subfield code="v">τεύχ.90:(Μήνας)Ιούνιος;(Έτος)2003</subfield>
   <subfield code="y">23</subfield>
  </datafield>
  <datafield tag="852" ind1=" " ind2=" ">
   <subfield code="a">INST</subfield>
   <subfield code="b">UNIPILB</subfield>
   <subfield code="c">SERIALS</subfield>
   <subfield code="e">20050908</subfield>
   <subfield code="h">Αλφαβητική σειρά</subfield>
   <subfield code="p">NB000063</subfield>
   <subfield code="q">NB000063</subfield>
   <subfield code="t">NOLOAN</subfield>
   <subfield code="v">τεύχ.93:(Μήνας)Ιούλιος;(Έτος)2003</subfield>
   <subfield code="y">23</subfield>
  </datafield>
  <datafield tag="852" ind1=" " ind2=" ">
   <subfield code="a">INST</subfield>
   <subfield code="b">UNIPILB</subfield>
   <subfield code="c">SERIALS</subfield>
   <subfield code="e">20050908</subfield>
   <subfield code="h">Αλφαβητική σειρά</subfield>
   <subfield code="p">NB000064</subfield>
   <subfield code="q">NB000064</subfield>
   <subfield code="t">NOLOAN</subfield>
   <subfield code="v">τεύχ.91:(Μήνας)Ιούλιος;(Έτος)2003</subfield>
   <subfield code="y">23</subfield>
  </datafield>
  <datafield tag="852" ind1=" " ind2=" ">
   <subfield code="a">INST</subfield>
   <subfield code="b">UNIPILB</subfield>
   <subfield code="c">SERIALS</subfield>
   <subfield code="e">20050908</subfield>
   <subfield code="h">Αλφαβητική σειρά</subfield>
   <subfield code="p">NB000065</subfield>
   <subfield code="q">NB000065</subfield>
   <subfield code="t">NOLOAN</subfield>
   <subfield code="v">τεύχ.92:(Μήνας)Ιούλιος;(Έτος)2003</subfield>
   <subfield code="y">23</subfield>
  </datafield>
  <datafield tag="852" ind1=" " ind2=" ">
   <subfield code="a">INST</subfield>
   <subfield code="b">UNIPILB</subfield>
   <subfield code="c">SERIALS</subfield>
   <subfield code="e">20050908</subfield>
   <subfield code="h">Αλφαβητική σειρά</subfield>
   <subfield code="p">NB000066</subfield>
   <subfield code="q">NB000066</subfield>
   <subfield code="t">NOLOAN</subfield>
   <subfield code="v">τεύχ.97:(Μήνας)Οκτώβριος;(Έτος)2003</subfield>
   <subfield code="y">23</subfield>
  </datafield>
  <datafield tag="852" ind1=" " ind2=" ">
   <subfield code="a">INST</subfield>
   <subfield code="b">UNIPILB</subfield>
   <subfield code="c">SERIALS</subfield>
   <subfield code="e">20050908</subfield>
   <subfield code="h">Αλφαβητική σειρά</subfield>
   <subfield code="p">NB000067</subfield>
   <subfield code="q">NB000067</subfield>
   <subfield code="t">NOLOAN</subfield>
   <subfield code="v">τεύχ.98:(Μήνας)Νοέμβριος;(Έτος)2003</subfield>
   <subfield code="y">23</subfield>
  </datafield>
  <datafield tag="852" ind1=" " ind2=" ">
   <subfield code="a">INST</subfield>
   <subfield code="b">UNIPILB</subfield>
   <subfield code="c">SERIALS</subfield>
   <subfield code="e">20050908</subfield>
   <subfield code="h">Αλφαβητική σειρά</subfield>
   <subfield code="p">NB000068</subfield>
   <subfield code="q">NB000068</subfield>
   <subfield code="t">NOLOAN</subfield>
   <subfield code="v">τεύχ.99:(Μήνας)Νοέμβριος;(Έτος)2003</subfield>
   <subfield code="y">23</subfield>
  </datafield>
  <datafield tag="852" ind1=" " ind2=" ">
   <subfield code="a">INST</subfield>
   <subfield code="b">UNIPILB</subfield>
   <subfield code="c">SERIALS</subfield>
   <subfield code="e">20050908</subfield>
   <subfield code="h">Αλφαβητική σειρά</subfield>
   <subfield code="p">NB000069</subfield>
   <subfield code="q">NB000069</subfield>
   <subfield code="t">NOLOAN</subfield>
   <subfield code="v">τεύχ.101:(Μήνας)Νοέμβριος;(Έτος)2003</subfield>
   <subfield code="y">23</subfield>
  </datafield>
  <datafield tag="852" ind1=" " ind2=" ">
   <subfield code="a">INST</subfield>
   <subfield code="b">UNIPILB</subfield>
   <subfield code="c">SERIALS</subfield>
   <subfield code="e">20050908</subfield>
   <subfield code="h">Αλφαβητική σειρά</subfield>
   <subfield code="p">NB000070</subfield>
   <subfield code="q">NB000070</subfield>
   <subfield code="t">NOLOAN</subfield>
   <subfield code="v">τεύχ.100:(Μήνας)Δεκέμβριος;(Έτος)2003</subfield>
   <subfield code="y">23</subfield>
  </datafield>
  <datafield tag="852" ind1=" " ind2=" ">
   <subfield code="a">INST</subfield>
   <subfield code="b">UNIPILB</subfield>
   <subfield code="c">SERIALS</subfield>
   <subfield code="e">20050908</subfield>
   <subfield code="h">Αλφαβητική σειρά</subfield>
   <subfield code="p">NB000071</subfield>
   <subfield code="q">NB000071</subfield>
   <subfield code="t">NOLOAN</subfield>
   <subfield code="v">τεύχ.101:(Μήνας)Δεκέμβριος;(Έτος)2003</subfield>
   <subfield code="y">23</subfield>
  </datafield>
  <datafield tag="852" ind1=" " ind2=" ">
   <subfield code="a">INST</subfield>
   <subfield code="b">UNIPILB</subfield>
   <subfield code="c">SERIALS</subfield>
   <subfield code="e">20050908</subfield>
   <subfield code="h">Αλφαβητική σειρά</subfield>
   <subfield code="p">NB000072</subfield>
   <subfield code="q">NB000072</subfield>
   <subfield code="t">NOLOAN</subfield>
   <subfield code="v">τεύχ.102:(Μήνας)Δεκέμβριος;(Έτος)2003</subfield>
   <subfield code="y">23</subfield>
  </datafield>
  <datafield tag="852" ind1=" " ind2=" ">
   <subfield code="a">INST</subfield>
   <subfield code="b">UNIPILB</subfield>
   <subfield code="c">SERIALS</subfield>
   <subfield code="e">20050908</subfield>
   <subfield code="h">Αλφαβητική σειρά</subfield>
   <subfield code="p">NB000073</subfield>
   <subfield code="q">NB000073</subfield>
   <subfield code="t">NOLOAN</subfield>
   <subfield code="v">τεύχ.104:(Μήνας)Ιανουάριος;(Έτος)2004</subfield>
   <subfield code="y">23</subfield>
  </datafield>
  <datafield tag="852" ind1=" " ind2=" ">
   <subfield code="a">INST</subfield>
   <subfield code="b">UNIPILB</subfield>
   <subfield code="c">SERIALS</subfield>
   <subfield code="e">20050908</subfield>
   <subfield code="h">Αλφαβητική σειρά</subfield>
   <subfield code="p">NB000074</subfield>
   <subfield code="q">NB000074</subfield>
   <subfield code="t">NOLOAN</subfield>
   <subfield code="v">τεύχ.105:(Μήνας)Ιανουάριος;(Έτος)2004</subfield>
   <subfield code="y">23</subfield>
  </datafield>
  <datafield tag="852" ind1=" " ind2=" ">
   <subfield code="a">INST</subfield>
   <subfield code="b">UNIPILB</subfield>
   <subfield code="c">SERIALS</subfield>
   <subfield code="e">20050908</subfield>
   <subfield code="h">Αλφαβητική σειρά</subfield>
   <subfield code="p">NB000075</subfield>
   <subfield code="q">NB000075</subfield>
   <subfield code="t">NOLOAN</subfield>
   <subfield code="v">τεύχ.106:(Μήνας)Μάιος;(Έτος)2004</subfield>
   <subfield code="y">23</subfield>
  </datafield>
  <datafield tag="852" ind1=" " ind2=" ">
   <subfield code="a">INST</subfield>
   <subfield code="b">UNIPILB</subfield>
   <subfield code="c">SERIALS</subfield>
   <subfield code="e">20050908</subfield>
   <subfield code="h">Αλφαβητική σειρά</subfield>
   <subfield code="p">NB000076</subfield>
   <subfield code="q">NB000076</subfield>
   <subfield code="t">NOLOAN</subfield>
   <subfield code="v">τεύχ.107:(Μήνας)Ιούνιος;(Έτος)2004</subfield>
   <subfield code="y">23</subfield>
  </datafield>
  <datafield tag="852" ind1=" " ind2=" ">
   <subfield code="a">INST</subfield>
   <subfield code="b">UNIPILB</subfield>
   <subfield code="c">SERIALS</subfield>
   <subfield code="e">20050908</subfield>
   <subfield code="h">Αλφαβητική σειρά</subfield>
   <subfield code="p">NB000077</subfield>
   <subfield code="q">NB000077</subfield>
   <subfield code="t">NOLOAN</subfield>
   <subfield code="v">τεύχ.111:(Μήνας)Αύγουστος;(Έτος)2004</subfield>
   <subfield code="y">23</subfield>
  </datafield>
  <datafield tag="852" ind1=" " ind2=" ">
   <subfield code="a">INST</subfield>
   <subfield code="b">UNIPILB</subfield>
   <subfield code="c">SERIALS</subfield>
   <subfield code="e">20050908</subfield>
   <subfield code="h">Αλφαβητική σειρά</subfield>
   <subfield code="p">NB000078</subfield>
   <subfield code="q">NB000078</subfield>
   <subfield code="t">NOLOAN</subfield>
   <subfield code="v">τεύχ.112:(Μήνας)Νοέμβριος;(Έτος)2004</subfield>
   <subfield code="y">23</subfield>
  </datafield>
  <datafield tag="852" ind1=" " ind2=" ">
   <subfield code="a">INST</subfield>
   <subfield code="b">UNIPILB</subfield>
   <subfield code="c">SERIALS</subfield>
   <subfield code="e">20050912</subfield>
   <subfield code="h">Αλφαβητική σειρά</subfield>
   <subfield code="p">NB000079</subfield>
   <subfield code="q">NB000079</subfield>
   <subfield code="t">NOLOAN</subfield>
   <subfield code="v">τεύχ.118:(Μήνας)Νοέμβριος;(Έτος)2004</subfield>
   <subfield code="y">23</subfield>
  </datafield>
  <datafield tag="852" ind1=" " ind2=" ">
   <subfield code="a">INST</subfield>
   <subfield code="b">UNIPILB</subfield>
   <subfield code="c">SERIALS</subfield>
   <subfield code="e">20050912</subfield>
   <subfield code="h">Αλφαβητική σειρά</subfield>
   <subfield code="p">NB000080</subfield>
   <subfield code="q">NB000080</subfield>
   <subfield code="t">NOLOAN</subfield>
   <subfield code="v">τεύχ.119:(Μήνας)Νοέμβριος;(Έτος)2004</subfield>
   <subfield code="y">23</subfield>
  </datafield>
  <datafield tag="852" ind1=" " ind2=" ">
   <subfield code="a">INST</subfield>
   <subfield code="b">UNIPILB</subfield>
   <subfield code="c">SERIALS</subfield>
   <subfield code="e">20050908</subfield>
   <subfield code="h">Αλφαβητική σειρά</subfield>
   <subfield code="p">NB000081</subfield>
   <subfield code="q">NB000081</subfield>
   <subfield code="t">NOLOAN</subfield>
   <subfield code="v">τεύχ.113:(Μήνας)Νοέμβριος;(Έτος)2004</subfield>
   <subfield code="y">23</subfield>
  </datafield>
  <datafield tag="852" ind1=" " ind2=" ">
   <subfield code="a">INST</subfield>
   <subfield code="b">UNIPILB</subfield>
   <subfield code="c">SERIALS</subfield>
   <subfield code="e">20050908</subfield>
   <subfield code="h">Αλφαβητική σειρά</subfield>
   <subfield code="p">NB000082</subfield>
   <subfield code="q">NB000082</subfield>
   <subfield code="t">NOLOAN</subfield>
   <subfield code="v">τεύχ.114:(Μήνας)Νοέμβριος;(Έτος)2004</subfield>
   <subfield code="y">23</subfield>
  </datafield>
  <datafield tag="852" ind1=" " ind2=" ">
   <subfield code="a">INST</subfield>
   <subfield code="b">UNIPILB</subfield>
   <subfield code="c">SERIALS</subfield>
   <subfield code="e">20050908</subfield>
   <subfield code="h">Αλφαβητική σειρά</subfield>
   <subfield code="p">NB000083</subfield>
   <subfield code="q">NB000083</subfield>
   <subfield code="t">NOLOAN</subfield>
   <subfield code="v">τεύχ.115:(Μήνας)Νοέμβριος;(Έτος)2004</subfield>
   <subfield code="y">23</subfield>
  </datafield>
  <datafield tag="852" ind1=" " ind2=" ">
   <subfield code="a">INST</subfield>
   <subfield code="b">UNIPILB</subfield>
   <subfield code="c">SERIALS</subfield>
   <subfield code="e">20050912</subfield>
   <subfield code="h">Αλφαβητική σειρά</subfield>
   <subfield code="p">NB000084</subfield>
   <subfield code="q">NB000084</subfield>
   <subfield code="t">NOLOAN</subfield>
   <subfield code="v">τεύχ.117:(Μήνας)Νοέμβριος;(Έτος)2004</subfield>
   <subfield code="y">23</subfield>
  </datafield>
  <datafield tag="852" ind1=" " ind2=" ">
   <subfield code="a">INST</subfield>
   <subfield code="b">UNIPILB</subfield>
   <subfield code="c">SERIALS</subfield>
   <subfield code="e">20050912</subfield>
   <subfield code="h">Αλφαβητική σειρά</subfield>
   <subfield code="p">NB000085</subfield>
   <subfield code="q">NB000085</subfield>
   <subfield code="t">NOLOAN</subfield>
   <subfield code="v">τεύχ.120:(Μήνας)Δεκέμβριος;(Έτος)2004</subfield>
   <subfield code="y">23</subfield>
  </datafield>
  <datafield tag="852" ind1=" " ind2=" ">
   <subfield code="a">INST</subfield>
   <subfield code="b">UNIPILB</subfield>
   <subfield code="c">SERIALS</subfield>
   <subfield code="e">20050912</subfield>
   <subfield code="h">Αλφαβητική σειρά</subfield>
   <subfield code="p">NB000086</subfield>
   <subfield code="q">NB000086</subfield>
   <subfield code="t">NOLOAN</subfield>
   <subfield code="v">τεύχ.121:(Μήνας)Δεκέμβριος;(Έτος)2004</subfield>
   <subfield code="y">23</subfield>
  </datafield>
  <datafield tag="852" ind1=" " ind2=" ">
   <subfield code="a">INST</subfield>
   <subfield code="b">UNIPILB</subfield>
   <subfield code="c">SERIALS</subfield>
   <subfield code="e">20050912</subfield>
   <subfield code="h">Αλφαβητική σειρά</subfield>
   <subfield code="p">NB000087</subfield>
   <subfield code="q">NB000087</subfield>
   <subfield code="t">NOLOAN</subfield>
   <subfield code="v">τεύχ.122:(Μήνας)Δεκέμβριος;(Έτος)2004</subfield>
   <subfield code="y">23</subfield>
  </datafield>
  <datafield tag="852" ind1=" " ind2=" ">
   <subfield code="a">INST</subfield>
   <subfield code="b">UNIPILB</subfield>
   <subfield code="c">SERIALS</subfield>
   <subfield code="e">20050912</subfield>
   <subfield code="h">Αλφαβητική σειρά</subfield>
   <subfield code="p">NB000088</subfield>
   <subfield code="q">NB000088</subfield>
   <subfield code="t">NOLOAN</subfield>
   <subfield code="v">τεύχ.123:(Μήνας)Δεκέμβριος;(Έτος)2004</subfield>
   <subfield code="y">23</subfield>
  </datafield>
  <datafield tag="852" ind1=" " ind2=" ">
   <subfield code="a">INST</subfield>
   <subfield code="b">UNIPILB</subfield>
   <subfield code="c">SERIALS</subfield>
   <subfield code="e">20050913</subfield>
   <subfield code="h">Αλφαβητική σειρά</subfield>
   <subfield code="p">NB000089</subfield>
   <subfield code="q">NB000089</subfield>
   <subfield code="t">NOLOAN</subfield>
   <subfield code="v">τεύχ.125:(Μήνας)Ιανουάριος;(Έτος)2005</subfield>
   <subfield code="y">23</subfield>
  </datafield>
  <datafield tag="852" ind1=" " ind2=" ">
   <subfield code="a">INST</subfield>
   <subfield code="b">UNIPILB</subfield>
   <subfield code="c">SERIALS</subfield>
   <subfield code="e">20050913</subfield>
   <subfield code="h">Αλφαβητική σειρά</subfield>
   <subfield code="p">NB000090</subfield>
   <subfield code="q">NB000090</subfield>
   <subfield code="t">NOLOAN</subfield>
   <subfield code="v">τεύχ.126:(Μήνας)Φεβρουάριος;(Έτος)2005</subfield>
   <subfield code="y">23</subfield>
  </datafield>
  <datafield tag="852" ind1=" " ind2=" ">
   <subfield code="a">INST</subfield>
   <subfield code="b">UNIPILB</subfield>
   <subfield code="c">SERIALS</subfield>
   <subfield code="e">20050913</subfield>
   <subfield code="h">Αλφαβητική σειρά</subfield>
   <subfield code="p">NB000091</subfield>
   <subfield code="q">NB000091</subfield>
   <subfield code="t">NOLOAN</subfield>
   <subfield code="v">τεύχ.127:(Μήνας)Φεβρουάριος;(Έτος)2005</subfield>
   <subfield code="y">23</subfield>
  </datafield>
  <datafield tag="852" ind1=" " ind2=" ">
   <subfield code="a">INST</subfield>
   <subfield code="b">UNIPILB</subfield>
   <subfield code="c">SERIALS</subfield>
   <subfield code="e">20050913</subfield>
   <subfield code="h">Αλφαβητική σειρά</subfield>
   <subfield code="p">NB000092</subfield>
   <subfield code="q">NB000092</subfield>
   <subfield code="t">NOLOAN</subfield>
   <subfield code="v">τεύχ.129:(Μήνας)Μάρτιος;(Έτος)2005</subfield>
   <subfield code="y">23</subfield>
  </datafield>
  <datafield tag="852" ind1=" " ind2=" ">
   <subfield code="a">INST</subfield>
   <subfield code="b">UNIPILB</subfield>
   <subfield code="c">SERIALS</subfield>
   <subfield code="e">20050913</subfield>
   <subfield code="h">Αλφαβητική σειρά</subfield>
   <subfield code="p">NB000093</subfield>
   <subfield code="q">NB000093</subfield>
   <subfield code="t">NOLOAN</subfield>
   <subfield code="v">τεύχ.130:(Μήνας)Απρίλιος;(Έτος)2005</subfield>
   <subfield code="y">23</subfield>
  </datafield>
  <datafield tag="852" ind1=" " ind2=" ">
   <subfield code="a">INST</subfield>
   <subfield code="b">UNIPILB</subfield>
   <subfield code="c">SERIALS</subfield>
   <subfield code="e">20050913</subfield>
   <subfield code="h">Αλφαβητική σειρά</subfield>
   <subfield code="p">NB000094</subfield>
   <subfield code="q">NB000094</subfield>
   <subfield code="t">NOLOAN</subfield>
   <subfield code="v">τεύχ.131:(Μήνας)Μάιος;(Έτος)2005</subfield>
   <subfield code="y">23</subfield>
  </datafield>
  <datafield tag="852" ind1=" " ind2=" ">
   <subfield code="a">INST</subfield>
   <subfield code="b">UNIPILB</subfield>
   <subfield code="c">SERIALS</subfield>
   <subfield code="e">20050913</subfield>
   <subfield code="h">Αλφαβητική σειρά</subfield>
   <subfield code="p">NB000095</subfield>
   <subfield code="q">NB000095</subfield>
   <subfield code="t">NOLOAN</subfield>
   <subfield code="v">τεύχ.132:(Μήνας)Μάιος;(Έτος)2005</subfield>
   <subfield code="y">23</subfield>
  </datafield>
  <datafield tag="852" ind1=" " ind2=" ">
   <subfield code="a">INST</subfield>
   <subfield code="b">UNIPILB</subfield>
   <subfield code="c">SERIALS</subfield>
   <subfield code="e">20050921</subfield>
   <subfield code="h">Αλφαβητική σειρά</subfield>
   <subfield code="p">NB000096</subfield>
   <subfield code="q">NB000096</subfield>
   <subfield code="t">NOLOAN</subfield>
   <subfield code="v">τεύχ.133:(Μήνας)Ιούλιος;(Έτος)2005</subfield>
   <subfield code="y">23</subfield>
  </datafield>
  <datafield tag="852" ind1=" " ind2=" ">
   <subfield code="a">INST</subfield>
   <subfield code="b">UNIPILB</subfield>
   <subfield code="c">SERIALS</subfield>
   <subfield code="e">20050921</subfield>
   <subfield code="h">Αλφαβητική σειρά</subfield>
   <subfield code="p">NB000097</subfield>
   <subfield code="q">NB000097</subfield>
   <subfield code="t">NOLOAN</subfield>
   <subfield code="v">τεύχ.134:(Μήνας)Ιούλιος;(Έτος)2005</subfield>
   <subfield code="y">23</subfield>
  </datafield>
  <datafield tag="852" ind1=" " ind2=" ">
   <subfield code="a">INST</subfield>
   <subfield code="b">UNIPILB</subfield>
   <subfield code="c">SERIALS</subfield>
   <subfield code="e">20060111</subfield>
   <subfield code="h">Αλφαβητική σειρά</subfield>
   <subfield code="p">NB000098</subfield>
   <subfield code="q">NB000098</subfield>
   <subfield code="t">NOLOAN</subfield>
   <subfield code="v">τεύχ.137:(Μήνας)Σεπτέμβριος;(Έτος)2005</subfield>
   <subfield code="y">23</subfield>
  </datafield>
  <datafield tag="852" ind1=" " ind2=" ">
   <subfield code="a">INST</subfield>
   <subfield code="b">UNIPILB</subfield>
   <subfield code="c">SERIALS</subfield>
   <subfield code="e">20060201</subfield>
   <subfield code="h">Αλφαβητική σειρά</subfield>
   <subfield code="p">NB000099</subfield>
   <subfield code="q">NB000099</subfield>
   <subfield code="t">NOLOAN</subfield>
   <subfield code="v">τεύχ.138:(Μήνας)Σεπτέμβριος;(Έτος)2005</subfield>
   <subfield code="y">23</subfield>
  </datafield>
  <datafield tag="852" ind1=" " ind2=" ">
   <subfield code="a">INST</subfield>
   <subfield code="b">UNIPILB</subfield>
   <subfield code="c">SERIALS</subfield>
   <subfield code="e">20060201</subfield>
   <subfield code="h">Αλφαβητική σειρά</subfield>
   <subfield code="p">NB000100</subfield>
   <subfield code="q">NB000100</subfield>
   <subfield code="t">NOLOAN</subfield>
   <subfield code="v">τεύχ.139:(Μήνας)Οκτώβριος;(Έτος)2005</subfield>
   <subfield code="y">23</subfield>
  </datafield>
  <datafield tag="852" ind1=" " ind2=" ">
   <subfield code="a">INST</subfield>
   <subfield code="b">UNIPILB</subfield>
   <subfield code="c">SERIALS</subfield>
   <subfield code="e">20060201</subfield>
   <subfield code="h">Αλφαβητική σειρά</subfield>
   <subfield code="p">NB000101</subfield>
   <subfield code="q">NB000101</subfield>
   <subfield code="t">NOLOAN</subfield>
   <subfield code="v">τεύχ.140:(Μήνας)Οκτώβριος;(Έτος)2005</subfield>
   <subfield code="y">23</subfield>
  </datafield>
  <datafield tag="852" ind1=" " ind2=" ">
   <subfield code="a">INST</subfield>
   <subfield code="b">UNIPILB</subfield>
   <subfield code="c">SERIALS</subfield>
   <subfield code="e">20060201</subfield>
   <subfield code="h">Αλφαβητική σειρά</subfield>
   <subfield code="p">NB000102</subfield>
   <subfield code="q">NB000102</subfield>
   <subfield code="t">NOLOAN</subfield>
   <subfield code="v">τεύχ.141:(Μήνας)Νοέμβριος;(Έτος)2005</subfield>
   <subfield code="y">23</subfield>
  </datafield>
  <datafield tag="852" ind1=" " ind2=" ">
   <subfield code="a">INST</subfield>
   <subfield code="b">UNIPILB</subfield>
   <subfield code="c">SERIALS</subfield>
   <subfield code="e">20060201</subfield>
   <subfield code="h">Αλφαβητική σειρά</subfield>
   <subfield code="p">NB000103</subfield>
   <subfield code="q">NB000103</subfield>
   <subfield code="t">NOLOAN</subfield>
   <subfield code="v">τεύχ.142:(Μήνας)Νοέμβριος;(Έτος)2005</subfield>
   <subfield code="y">23</subfield>
  </datafield>
  <datafield tag="852" ind1=" " ind2=" ">
   <subfield code="a">INST</subfield>
   <subfield code="b">UNIPILB</subfield>
   <subfield code="c">SERIALS</subfield>
   <subfield code="e">20060201</subfield>
   <subfield code="h">Αλφαβητική σειρά</subfield>
   <subfield code="p">NB000104</subfield>
   <subfield code="q">NB000104</subfield>
   <subfield code="t">NOLOAN</subfield>
   <subfield code="v">τεύχ.143:(Μήνας)Νοέμβριος;(Έτος)2005</subfield>
   <subfield code="y">23</subfield>
  </datafield>
  <datafield tag="852" ind1=" " ind2=" ">
   <subfield code="a">INST</subfield>
   <subfield code="b">UNIPILB</subfield>
   <subfield code="c">SERIALS</subfield>
   <subfield code="e">20060328</subfield>
   <subfield code="h">Αλφαβητική σειρά</subfield>
   <subfield code="p">NB000105</subfield>
   <subfield code="q">NB000105</subfield>
   <subfield code="t">NOLOAN</subfield>
   <subfield code="v">τεύχ.145:(Μήνας)Δεκέμβριος;(Έτος)2005</subfield>
   <subfield code="y">23</subfield>
  </datafield>
  <datafield tag="852" ind1=" " ind2=" ">
   <subfield code="a">INST</subfield>
   <subfield code="b">UNIPILB</subfield>
   <subfield code="c">SERIALS</subfield>
   <subfield code="e">20060403</subfield>
   <subfield code="h">Αλφαβητική σειρά</subfield>
   <subfield code="p">NB000107</subfield>
   <subfield code="q">NB000107</subfield>
   <subfield code="t">NOLOAN</subfield>
   <subfield code="v">τεύχ.148:(Μήνας)Ιανουάριος;(Έτος)2006</subfield>
   <subfield code="y">23</subfield>
  </datafield>
  <datafield tag="852" ind1=" " ind2=" ">
   <subfield code="a">INST</subfield>
   <subfield code="b">UNIPILB</subfield>
   <subfield code="c">SERIALS</subfield>
   <subfield code="e">20060403</subfield>
   <subfield code="h">Αλφαβητική σειρά</subfield>
   <subfield code="p">NB000108</subfield>
   <subfield code="q">NB000108</subfield>
   <subfield code="t">NOLOAN</subfield>
   <subfield code="v">τεύχ.149:(Μήνας)Ιανουάριος;(Έτος)2006</subfield>
   <subfield code="y">23</subfield>
  </datafield>
  <datafield tag="852" ind1=" " ind2=" ">
   <subfield code="a">INST</subfield>
   <subfield code="b">UNIPILB</subfield>
   <subfield code="c">SERIALS</subfield>
   <subfield code="e">20060518</subfield>
   <subfield code="h">Αλφαβητική σειρά</subfield>
   <subfield code="p">NB000109</subfield>
   <subfield code="q">NB000109</subfield>
   <subfield code="t">NOLOAN</subfield>
   <subfield code="v">τεύχ.151:(Μήνας)Μάρτιος;(Έτος)2006</subfield>
   <subfield code="y">23</subfield>
  </datafield>
  <datafield tag="852" ind1=" " ind2=" ">
   <subfield code="a">INST</subfield>
   <subfield code="b">UNIPILB</subfield>
   <subfield code="c">SERIALS</subfield>
   <subfield code="e">20060821</subfield>
   <subfield code="h">Αλφαβητική σειρά</subfield>
   <subfield code="p">NB000111</subfield>
   <subfield code="q">NB000111</subfield>
   <subfield code="t">NOLOAN</subfield>
   <subfield code="v">τεύχ.153:(Μήνας)Απρίλιος;(Έτος)2006</subfield>
   <subfield code="y">23</subfield>
  </datafield>
  <datafield tag="852" ind1=" " ind2=" ">
   <subfield code="a">INST</subfield>
   <subfield code="b">UNIPILB</subfield>
   <subfield code="c">SERIALS</subfield>
   <subfield code="e">20060228</subfield>
   <subfield code="h">Αλφαβητική σειρά</subfield>
   <subfield code="p">NB000112</subfield>
   <subfield code="q">NB000112</subfield>
   <subfield code="t">NOLOAN</subfield>
   <subfield code="v">τεύχ.144:(Μήνας)Δεκέμβριος;(Έτος)2006</subfield>
   <subfield code="y">23</subfield>
  </datafield>
  <datafield tag="852" ind1=" " ind2=" ">
   <subfield code="a">INST</subfield>
   <subfield code="b">UNIPILB</subfield>
   <subfield code="c">SERIALS</subfield>
   <subfield code="e">20100217</subfield>
   <subfield code="h">Αλφαβητική σειρά</subfield>
   <subfield code="p">NB000113</subfield>
   <subfield code="q">NB000113</subfield>
   <subfield code="t">NOLOAN</subfield>
   <subfield code="v">τεύχ.162:(Μήνας)Νοέμβριος(Έτος</subfield>
   <subfield code="y">23</subfield>
  </datafield>
  <datafield tag="852" ind1=" " ind2=" ">
   <subfield code="a">INST</subfield>
   <subfield code="b">UNIPILB</subfield>
   <subfield code="c">SERIALS</subfield>
   <subfield code="e">20100217</subfield>
   <subfield code="h">Αλφαβητική σειρά</subfield>
   <subfield code="p">NB000114</subfield>
   <subfield code="q">NB000114</subfield>
   <subfield code="t">NOLOAN</subfield>
   <subfield code="v">τεύχ.164:(Μήνας)Δεκέμβριος;(Έτος)2006</subfield>
   <subfield code="y">23</subfield>
  </datafield>
  <datafield tag="852" ind1=" " ind2=" ">
   <subfield code="a">INST</subfield>
   <subfield code="b">UNIPILB</subfield>
   <subfield code="c">SERIALS</subfield>
   <subfield code="e">20060403</subfield>
   <subfield code="h">Αλφαβητική σειρά</subfield>
   <subfield code="p">NB000448</subfield>
   <subfield code="q">NB000448</subfield>
   <subfield code="t">NOLOAN</subfield>
   <subfield code="v">τεύχ.147:(Μήνας)Ιανουάριος;(Έτος)2006</subfield>
   <subfield code="y">23</subfield>
  </datafield>
  <datafield tag="852" ind1=" " ind2=" ">
   <subfield code="a">INST</subfield>
   <subfield code="b">UNIPILB</subfield>
   <subfield code="c">SERIALS</subfield>
   <subfield code="e">20210214</subfield>
   <subfield code="h">Αλφαβητική σειρά</subfield>
   <subfield code="p">NB001449</subfield>
   <subfield code="q">NB001449</subfield>
   <subfield code="t">NOLOAN</subfield>
   <subfield code="v">τεύχ.152:(Μήνας)Απρίλιος;(Έτος)2006</subfield>
   <subfield code="y">23</subfield>
  </datafield>
  <datafield tag="856" ind1="4" ind2="1">
   <subfield code="u">http://www.oke.gr</subfield>
  </datafield>
  <datafield tag="900" ind1=" " ind2=" ">
   <subfield code="a">Τχ. 219 (Μάρτιος 2009)</subfield>
   <subfield code="b">Οφειλόμενο</subfield>
   <subfield code="c">11/05/2012</subfield>
  </datafield>
  <datafield tag="900" ind1=" " ind2=" ">
   <subfield code="a">Τχ. 151 (Ιανουάριος 2007)</subfield>
   <subfield code="b">Οφειλόμενο</subfield>
   <subfield code="c">19/02/2008</subfield>
  </datafield>
  <datafield tag="900" ind1=" " ind2=" ">
   <subfield code="a">Τχ. 152 (Ιανουάριος 2007)</subfield>
   <subfield code="b">Οφειλόμενο</subfield>
   <subfield code="c">22/02/2008</subfield>
  </datafield>
  <datafield tag="900" ind1=" " ind2=" ">
   <subfield code="a">Τχ. 156 (Φεβρουάριος 2007)</subfield>
   <subfield code="b">Οφειλόμενο</subfield>
   <subfield code="c">23/03/2008</subfield>
  </datafield>
  <datafield tag="900" ind1=" " ind2=" ">
   <subfield code="a">Τχ. 165 (Απρίλιος 2007)</subfield>
   <subfield code="b">Οφειλόμενο</subfield>
   <subfield code="c">23/05/2008</subfield>
  </datafield>
  <datafield tag="900" ind1=" " ind2=" ">
   <subfield code="a">Τχ. 168 (Μάιος 2007)</subfield>
   <subfield code="b">Οφειλόμενο</subfield>
   <subfield code="c">13/06/2008</subfield>
  </datafield>
  <datafield tag="900" ind1=" " ind2=" ">
   <subfield code="a">Τχ. 182 (Ιούλιος 2007)</subfield>
   <subfield code="b">Οφειλόμενο</subfield>
   <subfield code="c">18/01/2009</subfield>
  </datafield>
  <datafield tag="900" ind1=" " ind2=" ">
   <subfield code="a">Τχ. 161 (Οκτώβριος 2007)</subfield>
   <subfield code="b">Οφειλόμενο</subfield>
   <subfield code="c">05/02/2008</subfield>
  </datafield>
  <datafield tag="900" ind1=" " ind2=" ">
   <subfield code="a">Τχ. 162 (Οκτώβριος 2007)</subfield>
   <subfield code="b">Οφειλόμενο</subfield>
   <subfield code="c">23/09/2008</subfield>
  </datafield>
  <datafield tag="900" ind1=" " ind2=" ">
   <subfield code="a">Τχ. 163 (Οκτώβριος 2007)</subfield>
   <subfield code="b">Οφειλόμενο</subfield>
   <subfield code="c">09/09/2008</subfield>
  </datafield>
  <datafield tag="900" ind1=" " ind2=" ">
   <subfield code="a">Τχ. 164 (Οκτώβριος 2007)</subfield>
   <subfield code="b">Οφειλόμενο</subfield>
   <subfield code="c">18/09/2008</subfield>
  </datafield>
  <datafield tag="900" ind1=" " ind2=" ">
   <subfield code="a">Τχ. 165 (Οκτώβριος 2007)</subfield>
   <subfield code="b">Οφειλόμενο</subfield>
   <subfield code="c">23/09/2008</subfield>
  </datafield>
  <datafield tag="900" ind1=" " ind2=" ">
   <subfield code="a">Τχ. 166 (Νοέμβριος 2007)</subfield>
   <subfield code="b">Οφειλόμενο</subfield>
   <subfield code="c">01/10/2008</subfield>
  </datafield>
  <datafield tag="900" ind1=" " ind2=" ">
   <subfield code="a">Τχ. 167 (Νοέμβριος 2007)</subfield>
   <subfield code="b">Οφειλόμενο</subfield>
   <subfield code="c">07/10/2008</subfield>
  </datafield>
  <datafield tag="900" ind1=" " ind2=" ">
   <subfield code="a">Τχ. 168 (Νοέμβριος 2007)</subfield>
   <subfield code="b">Οφειλόμενο</subfield>
   <subfield code="c">13/10/2008</subfield>
  </datafield>
  <datafield tag="900" ind1=" " ind2=" ">
   <subfield code="a">Τχ. 169 (Νοέμβριος 2007)</subfield>
   <subfield code="b">Οφειλόμενο</subfield>
   <subfield code="c">22/10/2008</subfield>
  </datafield>
  <datafield tag="900" ind1=" " ind2=" ">
   <subfield code="a">Τχ. 170 (Δεκέμβριος 2007)</subfield>
   <subfield code="b">Οφειλόμενο</subfield>
   <subfield code="c">28/10/2008</subfield>
  </datafield>
  <datafield tag="900" ind1=" " ind2=" ">
   <subfield code="a">Τχ. 171 (Δεκέμβριος 2007)</subfield>
   <subfield code="b">Οφειλόμενο</subfield>
   <subfield code="c">03/11/2008</subfield>
  </datafield>
  <datafield tag="900" ind1=" " ind2=" ">
   <subfield code="a">Τχ. 172 (Δεκέμβριος 2007)</subfield>
   <subfield code="b">Οφειλόμενο</subfield>
   <subfield code="c">10/11/2008</subfield>
  </datafield>
  <datafield tag="900" ind1=" " ind2=" ">
   <subfield code="a">Τχ. 173 (Δεκέμβριος 2007)</subfield>
   <subfield code="b">Οφειλόμενο</subfield>
   <subfield code="c">12/11/2008</subfield>
  </datafield>
  <datafield tag="900" ind1=" " ind2=" ">
   <subfield code="a">Τχ. 174 (Δεκέμβριος 2007)</subfield>
   <subfield code="b">Οφειλόμενο</subfield>
   <subfield code="c">20/11/2008</subfield>
  </datafield>
  <datafield tag="900" ind1=" " ind2=" ">
   <subfield code="a">Τχ. 176 (Ιανουάριος 2008)</subfield>
   <subfield code="b">Οφειλόμενο</subfield>
   <subfield code="c">04/12/2008</subfield>
  </datafield>
  <datafield tag="900" ind1=" " ind2=" ">
   <subfield code="a">Τχ. 177 (Ιανουάριος 2008)</subfield>
   <subfield code="b">Οφειλόμενο</subfield>
   <subfield code="c">15/12/2008</subfield>
  </datafield>
  <datafield tag="900" ind1=" " ind2=" ">
   <subfield code="a">Τχ. 178 (Ιανουάριος 2008)</subfield>
   <subfield code="b">Οφειλόμενο</subfield>
   <subfield code="c">17/12/2008</subfield>
  </datafield>
  <datafield tag="900" ind1=" " ind2=" ">
   <subfield code="a">Τχ. 179 (Φεβρουάριος 2008)</subfield>
   <subfield code="b">Οφειλόμενο</subfield>
   <subfield code="c">06/01/2009</subfield>
  </datafield>
  <datafield tag="900" ind1=" " ind2=" ">
   <subfield code="a">Τχ. 181 (Φεβρουάριος 2008)</subfield>
   <subfield code="b">Οφειλόμενο</subfield>
   <subfield code="c">08/01/2009</subfield>
  </datafield>
  <datafield tag="900" ind1=" " ind2=" ">
   <subfield code="a">Τχ. 187 (Ιούλιος 2008)</subfield>
   <subfield code="b">Οφειλόμενο</subfield>
   <subfield code="c">10/06/2009</subfield>
  </datafield>
  <datafield tag="900" ind1=" " ind2=" ">
   <subfield code="a">Τχ. 189 (Αύγουστος 2008)</subfield>
   <subfield code="b">Οφειλόμενο</subfield>
   <subfield code="c">01/06/2009</subfield>
  </datafield>
  <datafield tag="900" ind1=" " ind2=" ">
   <subfield code="a">Τχ. 190 (Αύγουστος 2008)</subfield>
   <subfield code="b">Οφειλόμενο</subfield>
   <subfield code="c">10/06/2009</subfield>
  </datafield>
  <datafield tag="900" ind1=" " ind2=" ">
   <subfield code="a">Τχ. 191 (Αύγουστος 2008)</subfield>
   <subfield code="b">Οφειλόμενο</subfield>
   <subfield code="c">15/06/2009</subfield>
  </datafield>
  <datafield tag="900" ind1=" " ind2=" ">
   <subfield code="a">Τχ. 193 (Σεπτέμβριος 2008)</subfield>
   <subfield code="b">Οφειλόμενο</subfield>
   <subfield code="c">30/06/2009</subfield>
  </datafield>
  <datafield tag="900" ind1=" " ind2=" ">
   <subfield code="a">Τχ. 194 (Σεπτέμβριος 2008)</subfield>
   <subfield code="b">Οφειλόμενο</subfield>
   <subfield code="c">16/02/2010</subfield>
  </datafield>
  <datafield tag="900" ind1=" " ind2=" ">
   <subfield code="a">Τχ. 195 (Σεπτέμβριος 2008)</subfield>
   <subfield code="b">Οφειλόμενο</subfield>
   <subfield code="c">16/02/2010</subfield>
  </datafield>
  <datafield tag="900" ind1=" " ind2=" ">
   <subfield code="a">Τχ. 215 (Φεβρουάριος 2009)</subfield>
   <subfield code="b">Οφειλόμενο</subfield>
   <subfield code="c">13/01/2012</subfield>
  </datafield>
  <datafield tag="900" ind1=" " ind2=" ">
   <subfield code="a">Τχ. 216 (Φεβρουάριος 2009)</subfield>
   <subfield code="b">Οφειλόμενο</subfield>
   <subfield code="c">13/01/2012</subfield>
  </datafield>
  <datafield tag="900" ind1=" " ind2=" ">
   <subfield code="a">Τχ. 217 (Φεβρουάριος 2009)</subfield>
   <subfield code="b">Οφειλόμενο</subfield>
   <subfield code="c">13/01/2012</subfield>
  </datafield>
  <datafield tag="900" ind1=" " ind2=" ">
   <subfield code="a">Τχ. 218 (Μάρτιος 2009)</subfield>
   <subfield code="b">Οφειλόμενο</subfield>
   <subfield code="c">11/05/2012</subfield>
  </datafield>
  <datafield tag="950" ind1=" " ind2=" ">
   <subfield code="a">01/12/1996</subfield>
   <subfield code="c">ΔΩΡΕΑ ΠΕΡΙΟΔΙΚΩΝ</subfield>
   <subfield code="d">236</subfield>
  </datafield>
  <datafield tag="951" ind1=" " ind2=" ">
   <subfield code="a">Απολογισμός δραστηριοτήτων 2005</subfield>
   <subfield code="b">Supplements</subfield>
  </datafield>
  <datafield tag="951" ind1=" " ind2=" ">
   <subfield code="a">Τχ. 1 (Ιούνιος 1995) - Τχ. 145 (Δεκέμβριος 2005)</subfield>
   <subfield code="b">Main run</subfield>
  </datafield>
  <datafield tag="951" ind1=" " ind2=" ">
   <subfield code="a">Τχ. 147 (Ιανουάριος 2006)</subfield>
   <subfield code="b">Main run</subfield>
  </datafield>
  <datafield tag="951" ind1=" " ind2=" ">
   <subfield code="a">Τχ. 148 (Ιανουάριος 2006)</subfield>
   <subfield code="b">Main run</subfield>
  </datafield>
  <datafield tag="951" ind1=" " ind2=" ">
   <subfield code="a">Τχ. 149 (Ιανουάριος 2006)</subfield>
   <subfield code="b">Main run</subfield>
  </datafield>
  <datafield tag="951" ind1=" " ind2=" ">
   <subfield code="a">Τχ. 151 (Μάρτιος 2006)</subfield>
   <subfield code="b">Main run</subfield>
  </datafield>
  <datafield tag="951" ind1=" " ind2=" ">
   <subfield code="a">Τχ. 152 (Απρίλιος 2006)</subfield>
   <subfield code="b">Main run</subfield>
  </datafield>
  <datafield tag="951" ind1=" " ind2=" ">
   <subfield code="a">Τχ. 153 (Απρίλιος 2006)</subfield>
   <subfield code="b">Main run</subfield>
  </datafield>
  <datafield tag="951" ind1=" " ind2=" ">
   <subfield code="a">Τχ. 154 (Ιούνιος 2006)</subfield>
   <subfield code="b">Main run</subfield>
  </datafield>
  <datafield tag="951" ind1=" " ind2=" ">
   <subfield code="a">Τχ. 155 (Ιούνιος 2006)</subfield>
   <subfield code="b">Main run</subfield>
  </datafield>
  <datafield tag="951" ind1=" " ind2=" ">
   <subfield code="a">Τχ. 156 (Ιούνιος 2006)</subfield>
   <subfield code="b">Main run</subfield>
  </datafield>
  <datafield tag="951" ind1=" " ind2=" ">
   <subfield code="a">Τχ. 157 (Ιούλιος 2006) - Τχ. 165 (Ιανουάριος 2007)</subfield>
   <subfield code="b">Main run</subfield>
  </datafield>
  <datafield tag="951" ind1=" " ind2=" ">
   <subfield code="a">Τχ. 167 (Φεβρουάριος 2007) - Τχ. 169 (Φεβρουάριος 2007)</subfield>
   <subfield code="b">Main run</subfield>
  </datafield>
  <datafield tag="951" ind1=" " ind2=" ">
   <subfield code="a">Τχ. 170 (Μάρτιος 2007)</subfield>
   <subfield code="b">Main run</subfield>
  </datafield>
  <datafield tag="951" ind1=" " ind2=" ">
   <subfield code="a">Τχ. 172 (Μάρτιος 2007) - Τχ. 174 (Μάρτιος 2007)</subfield>
   <subfield code="b">Main run</subfield>
  </datafield>
  <datafield tag="951" ind1=" " ind2=" ">
   <subfield code="a">Τχ. 175 (Μάϊος 2007)</subfield>
   <subfield code="b">Main run</subfield>
  </datafield>
  <datafield tag="951" ind1=" " ind2=" ">
   <subfield code="a">Τχ. 177 (Μάϊος 2007)</subfield>
   <subfield code="b">Main run</subfield>
  </datafield>
  <datafield tag="951" ind1=" " ind2=" ">
   <subfield code="a">Τχ. 176 (Μάϊος 2007)</subfield>
   <subfield code="b">Main run</subfield>
  </datafield>
  <datafield tag="951" ind1=" " ind2=" ">
   <subfield code="a">Τχ. 179 (Ιούνιος 2007)</subfield>
   <subfield code="b">Main run</subfield>
  </datafield>
  <datafield tag="951" ind1=" " ind2=" ">
   <subfield code="a">Τχ. 178 (Ιούνιος 2007)</subfield>
   <subfield code="b">Main run</subfield>
  </datafield>
  <datafield tag="951" ind1=" " ind2=" ">
   <subfield code="a">Τχ. 180 (Ιούνιος 2007) - Τχ. 181 (Ιούλιος 2007)</subfield>
   <subfield code="b">Main run</subfield>
  </datafield>
  <datafield tag="951" ind1=" " ind2=" ">
   <subfield code="a">Τχ. 184 (Ιούλιος 2007)</subfield>
   <subfield code="b">Main run</subfield>
  </datafield>
  <datafield tag="951" ind1=" " ind2=" ">
   <subfield code="a">Τχ. 187 (Ιούλιος 2007)</subfield>
   <subfield code="b">Main run</subfield>
  </datafield>
  <datafield tag="951" ind1=" " ind2=" ">
   <subfield code="a">Τχ. 183 (Ιούλιος 2007)</subfield>
   <subfield code="b">Main run</subfield>
  </datafield>
  <datafield tag="951" ind1=" " ind2=" ">
   <subfield code="a">Τχ. 185 (Ιούλιος 2007) - Τχ. 186 (Ιούλιος 2007)</subfield>
   <subfield code="b">Main run</subfield>
  </datafield>
  <datafield tag="951" ind1=" " ind2=" ">
   <subfield code="a">Τχ. 192 (Ιανουάριος 2008) - Τχ. 193 (Ιανουάριος 2008)</subfield>
   <subfield code="b">Main run</subfield>
  </datafield>
  <datafield tag="951" ind1=" " ind2=" ">
   <subfield code="a">Τχ. 194 (Μάρτιος 2008) - Τχ. 200 (Ιούλιος 2008)</subfield>
   <subfield code="b">Main run</subfield>
  </datafield>
  <datafield tag="951" ind1=" " ind2=" ">
   <subfield code="a">Τχ. 201 (Αύγουστος 2008)</subfield>
   <subfield code="b">Main run</subfield>
  </datafield>
  <datafield tag="951" ind1=" " ind2=" ">
   <subfield code="a">Τχ. 202 (Σεπτέμβριος 2008)</subfield>
   <subfield code="b">Main run</subfield>
  </datafield>
  <datafield tag="951" ind1=" " ind2=" ">
   <subfield code="a">Τχ. 203 (Σεπτέμβριος 2008)</subfield>
   <subfield code="b">Main run</subfield>
  </datafield>
  <datafield tag="951" ind1=" " ind2=" ">
   <subfield code="a">Τχ. 204 (Σεπτέμβριος 2008) - Τχ. 213 (Ιανουάριος 2009)</subfield>
   <subfield code="b">Main run</subfield>
  </datafield>
  <datafield tag="951" ind1=" " ind2=" ">
   <subfield code="a">Τχ. 214 (Ιανουάριος 2009)</subfield>
   <subfield code="b">Main run</subfield>
  </datafield>
  <datafield tag="951" ind1=" " ind2=" ">
   <subfield code="a">Απολογισμός δραστηριοτήτων 2004</subfield>
   <subfield code="b">Supplements</subfield>
  </datafield>
  <datafield tag="952" ind1=" " ind2=" ">
   <subfield code="a">78 (Ιούλιος 2002), 124 (Δεκέμβριος 2004), 128 (Μάρτιος 2005), 150 (Μάρτιος 2006)</subfield>
  </datafield>
 </record>
</collection>
